书目信息 |
| 题名: |
地震预警理论与方法研究及在高速铁路的应用
|
|
| 作者: | 王子珺 , 赵伯明 著 | |
| 分册: | ||
| 出版信息: | 北京 北京交通大学出版社 2019 |
|
| 页数: | 140页 | |
| 开本: | 23cm | |
| 丛书名: | ||
| 单 册: | ||
| 中图分类: | P315.75 , P315 | |
| 科图分类: | ||
| 主题词: | 高速铁路--地震灾害--预警系统 | |
| 电子资源: | ||
| ISBN: | 978-7-5121-3895-7 | |
| 000 | 00881cam0 2200253 450 | |
| 001 | 2351298203 | |
| 005 | 20231103141539.22 | |
| 010 | @a978-7-5121-3895-7@dCNY38.00 | |
| 100 | @a20200408d2019 em y0chiy50 ea | |
| 101 | 0 | @achi |
| 102 | @aCN@b110000 | |
| 105 | @aak az 000yy | |
| 200 | 1 | @a地震预警理论与方法研究及在高速铁路的应用@9di zhen yu jing li lun yu fang fa yan jiu ji zai gao su tie lu de ying yong@f王子珺,赵伯明著 |
| 210 | @a北京@c北京交通大学出版社@d2019 | |
| 215 | @a140页@c图@d23cm | |
| 300 | @a国家自然科学基金委员会-中国铁路总公司 高速铁路基础研究联合基金重点支持项目资助 | |
| 320 | @a有书目(第117-139页) | |
| 606 | 0 | @a高速铁路@x地震灾害@x预警系统 |
| 690 | @aP315.75@v5 | |
| 690 | @aP315@v4 | |
| 701 | 0 | @a王子珺@9wang zi jun@4著 |
| 701 | 0 | @a赵伯明@9zhao bo ming@4著 |
| 801 | 0 | @aCN@b大连网信软件有限公司图书馆·11@c20231103 |
| 905 | @aBZT@dP315@e6 | |
| 地震预警理论与方法研究及在高速铁路的应用/王子珺,赵伯明著.-北京:北京交通大学出版社,2019 |
| 140页:图;23cm |
| 国家自然科学基金委员会-中国铁路总公司 高速铁路基础研究联合基金重点支持项目资助 |
| ISBN 978-7-5121-3895-7:CNY38.00 |
| ● |
| 相关链接 |
|
|
|
正题名:地震预警理论与方法研究及在高速铁路的应用
索取号:P315/6
 
预约/预借
| 序号 | 登录号 | 条形码 | 馆藏地/架位号 | 状态 | 备注 |
| 1 | 2000943633 | 2000943633 | 安徽、中教混合/安徽时代(第一批)/25/ [索取号:P315/6] | 在馆 | |
| 2 | 2000943634 | 2000943634 | 安徽、中教混合/安徽时代(第一批)/25/ [索取号:P315/6] | 在馆 | |
| 3 | 2000943635 | 2000943635 | 安徽、中教混合/安徽时代(第一批)/25/ [索取号:P315/6] | 在馆 | |
| 4 | 2000943636 | 2000943636 | 安徽、中教混合/安徽时代(第一批)/25/ [索取号:P315/6] | 在馆 | |
| 5 | 2000943637 | 2000943637 | 安徽、中教混合/安徽时代(第一批)/25/ [索取号:P315/6] | 在馆 | |
| 6 | 2000943638 | 2000943638 | 安徽、中教混合/安徽时代(第一批)/25/ [索取号:P315/6] | 在馆 |